| 000 | 00990cam a2200289 4500 | ||
|---|---|---|---|
| 999 |
_c41171 _d41171 |
||
| 001 | 3606157 | ||
| 003 | OSt | ||
| 005 | 20210702141206.0 | ||
| 008 | 690612s1969 mau b 001 0 eng | ||
| 010 | _a 72079530 | ||
| 020 | _a971138329607 | ||
| 040 |
_aDLC _cDLC _dDLC |
||
| 050 | 0 | 0 |
_aQA251 _b.A8 |
| 082 | 0 | 0 |
_a512.815 _bATI/I |
| 100 | 1 |
_aAtiyah, Michael Francis, _d1929-2019 _98630 |
|
| 245 | 1 | 0 |
_aIntroduction to commutative algebra _c[by] M. F. Atiyah [and] I. G. Macdonald. |
| 260 |
_aReading, Mass., _bAddison-Wesley Pub. Co. _bCRC Press, _c[1969] _c2019. |
||
| 300 |
_aviii, 128 p. _c25 cm. |
||
| 490 | 0 | _aAddison-Wesley series in mathematics | |
| 504 | _aBibliography: p. viii. | ||
| 650 | 0 | _aCommutative algebra. | |
| 650 | 0 | _aRings (Algebra) | |
| 650 | 0 | _aCommutative rings. | |
| 700 | 1 |
_aMacdonald, I. G. _q(Ian Grant), _ejoint author. |
|
| 906 |
_a7 _bcbc _corignew _du _encip _f19 _gy-gencatlg |
||
| 942 |
_2ddc _cBK _h512.815 _iATI/I _k512.815 _mATI/I |
||